Adolescence; (Record no. 1150)

MARC details
000 -LEADER
fixed length control field 00839nam a2200253 4500
005 - DATE AND TIME OF LATEST TRANSACTION
control field 20260322212049.0
008 - FIXED-LENGTH DATA ELEMENTS--GENERAL INFORMATION
fixed length control field data
010 ## - LIBRARY OF CONGRESS CONTROL NUMBER
LC control number 78127300
020 ## - INTERNATIONAL STANDARD BOOK NUMBER
International Standard Book Number 0060122315
020 ## - INTERNATIONAL STANDARD BOOK NUMBER
International Standard Book Number 9780060122317
040 ## - CATALOGING SOURCE
Original cataloging agency DLC
Transcribing agency DLC
Modifying agency CtY
050 0# - LIBRARY OF CONGRESS CALL NUMBER
Classification number RJ503
Item number .J67
096 ## - LOCALLY ASSIGNED NLM-TYPE CALL NUMBER (OCLC)
Classification number WS 105.5 J792a 1971
001 - CONTROL NUMBER
control field data
100 1# - MAIN ENTRY--PERSONAL NAME
Personal name Josselyn, Irene Milliken,
Dates associated with a name 1904-1978.
245 10 - TITLE STATEMENT
Title Adolescence;
Remainder of title a report published under the auspices of the Joint Commission on Mental Health of Children,
Statement of responsibility, etc. Irene Milliken Josselyn & Joint Commission on Mental Health of Children.
250 ## - EDITION STATEMENT
Edition statement [1st ed.]
260 0# - PUBLICATION, DISTRIBUTION, ETC.
Place of publication, distribution, etc. New York,
Name of publisher, distributor, etc. Harper & Row
Date of publication, distribution, etc. [1971]
300 ## - PHYSICAL DESCRIPTION
Extent viii, 213 p.
Dimensions 22 cm.
504 ## - BIBLIOGRAPHY, ETC. NOTE
Bibliography, etc. note Bibliography: p. 198-205.
650 #0 - SUBJECT ADDED ENTRY--TOPICAL TERM
Topical term or geographic name entry element Adolescent psychiatry.
650 #0 - SUBJECT ADDED ENTRY--TOPICAL TERM
Topical term or geographic name entry element Adolescent psychology.
710 2# - ADDED ENTRY--CORPORATE NAME
Corporate name or jurisdiction name as entry element Joint Commission on Mental Health of Children.
Holdings
Withdrawn status Lost status Damaged status Not for loan Home library Current library Shelving location Date acquired Total checkouts Full call number Barcode Date last seen Price effective from Koha item type
        Franklin Franklin General stacks 22/03/2026   RJ503 .J67 BC0011188 22/03/2026 22/03/2026 Books